Anteater to Zebu ABC's Learning Your ABC's with Animals - Statistics

General Stats
  • This quiz has been taken 7 times
  • The average score is 20 of 26
Answer Stats
Picture Hint Answer % Correct
A Anteater
100%
B Bear
100%
C Cheetah
100%
D Dolphin
100%
E Elephant
100%
F Fox
100%
G Giraffe
100%
H Hippo
100%
J Jaguar
100%
K Koala
100%
L Lion
100%
M Moose
100%
O Otter
100%
P Panda
100%
R Rhino
100%
S Swan
100%
T Tiger
100%
W Wildebeest
57%
Z Zebu
57%
I Ibex
43%
Q Quoll
29%
U Uakari
29%
X X-ray Tetra
29%
N Nyala
14%
V Vicuna
14%
Y Yuhina
0%
No matching quizzes found
Score Distribution
Percent of People with Each Score
Percentile by Number Answered
Your Score History
You have not taken this quiz